Unexpected Answers - Geography - Statistics

General Stats
  • This quiz has been taken 25 times
  • The average score is 4 of 12
Answer Stats
Hint Answer % Correct
Kansas City is the most populated city in what State? Missouri
92%
Nevada City is in which of the U.S. States? California
80%
Benin City is the capital of a state in what country? Nigeria
76%
What countries does the Gulf of Guinea border Nigeria, etc...
48%
Where is Paris Specifically in the world? Texas
24%
What country is the city of Sicily in? United States
20%
Lebanon is a city in what U.S. state? Tennessee
16%
Where is Rome Specifically in the world? Georgia
8%
Maryland Heights is in which U.S. state? Missouri
8%
In what country is Congo Town? Bahamas
0%
The city of Vancouver is on what Island? It isn't
0%
The city of Delaware is in which U.S. State? Ohio
0%
No matching quizzes found
Score Distribution
Percent of People with Each Score
Percentile by Number Answered
Your Score History
You have not taken this quiz